[Event "Rated Blitz game"]
[Site "?"]
[Date "2021.01.01"]
[Round "?"]
[White "amaa18"]
[Black "ali-sh"]
[Result "0-1"]
[WhiteElo "2441"]
[BlackElo "2533"]
[PlyCount "92"]
[EventDate "2021.??.??"]
[EventType "blitz"]

1. e4 e5 2. Nf3 d5 3. exd5 e4 4. Qe2 Nf6 5. Nc3 Be7 6. Nxe4 O-O 7. Nxf6+ Bxf6
8. d4 Bg4 9. Be3 Qxd5 10. c4 Bxf3 11. gxf3 Qa5+ 12. Qd2 Qxd2+ 13. Kxd2 Rd8 14.
Kc3 c5 15. Rd1 Nc6 16. Kc2 Bxd4 17. f4 Re8 18. Bg2 Bxe3 19. fxe3 Rxe3 20. Bxc6
bxc6 21. Rd7 Re4 22. b3 Rxf4 23. Re1 g5 24. Re5 h6 25. Rxc5 Rf2+ 26. Kc3 Rxh2
27. Rxc6 g4 28. Rf6 Rf8 29. Rd4 Kg7 30. Rf5 h5 31. Rd6 f6 32. c5 g3 33. Rf3 h4
34. Rd4 f5 35. Rxh4 Rxh4 36. Rxg3+ Rg4 37. Rd3 a5 38. a3 f4 39. Rd7+ Rf7 40.
Rd2 f3 41. Rf2 Rg2 42. Rf1 f2 43. b4 Rg1 44. Rxf2 Rxf2 45. Kc4 axb4 46. axb4
Rb1 {Time forfeit} 0-1

[Event "Rated Blitz game"]
[Site "?"]
[Date "2021.01.01"]
[Round "?"]
[White "Naruito64"]
[Black "BigTy"]
[Result "1-0"]
[WhiteElo "2407"]
[BlackElo "2268"]
[PlyCount "97"]
[EventDate "2021.??.??"]
[EventType "blitz"]

1. e4 e5 2. Nf3 d5 3. Nxe5 Bd6 4. d4 dxe4 5. Bc4 Bxe5 6. Qh5 Qe7 7. Qxe5 Nc6 8.
Qxe7+ Ngxe7 9. c3 Bf5 10. O-O Bg6 11. Bf4 O-O-O 12. Re1 f5 13. Nd2 Nd5 14. Bxd5
Rxd5 15. Nc4 Bf7 16. h4 h6 17. Be5 Rg8 18. Ne3 Rb5 19. Nxf5 Bg6 20. Ng3 Nxe5
21. dxe5 Rxe5 22. h5 Bh7 23. Re3 Rge8 24. Rae1 c5 25. f3 Rg5 26. Nxe4 Bxe4 27.
Rxe4 Rxe4 28. Rxe4 Rxh5 29. Re7 Rg5 30. Kf2 a5 31. c4 Kb8 32. b3 Ka7 33. g4 Rg6
34. Ke3 Ka6 35. Ke4 b5 36. Kd5 bxc4 37. bxc4 Rg5+ 38. Re5 Rxe5+ 39. Kxe5 g6 40.
Kf6 h5 41. gxh5 gxh5 42. Kg5 Kb6 43. Kxh5 Kc6 44. Kg6 Kd6 45. f4 Ke7 46. f5 Kf8
47. Kf6 a4 48. a3 Ke8 49. Kg7 {Normal} 1-0

[Event "Rated Blitz tournament RsYdeXvO"]
[Site "?"]
[Date "2021.01.01"]
[Round "?"]
[White "Radenke"]
[Black "Jlgg50972"]
[Result "0-1"]
[WhiteElo "2254"]
[BlackElo "2400"]
[PlyCount "94"]
[EventDate "2021.??.??"]
[EventType "blitz"]

1. e4 e5 2. Nf3 d5 3. Nc3 dxe4 4. Nxe4 f5 5. Ng3 e4 6. Ne5 Qd4 7. Nc4 Nf6 8. c3
Qd8 9. Qb3 Nc6 10. Qc2 Be6 11. b3 Bc5 12. Ba3 Bxa3 13. Nxa3 O-O 14. Bc4 Bxc4
15. Nxc4 f4 16. Ne2 f3 17. gxf3 exf3 18. Ng3 Re8+ 19. Ne3 Ne5 20. d4 Neg4 21.
O-O-O Rxe3 22. fxe3 Nxe3 23. Qd3 Nxd1 24. Rxd1 Qd5 25. c4 Qg5+ 26. Kb2 Re8 27.
Qxf3 Ng4 28. Rf1 Nf6 29. Rf2 Qe3 30. Qxe3 Rxe3 31. Nf5 Re4 32. d5 Kf7 33. Kc3
g6 34. Ng3 Re3+ 35. Kd2 Re5 36. Kd3 Ke7 37. Re2 Rxe2 38. Kxe2 Kd6 39. b4 Ke5
40. Ke3 Ng4+ 41. Kd3 Nxh2 42. Nf1 Nxf1 43. a4 Ng3 44. a5 h5 45. b5 h4 46. Ke3
h3 47. a6 bxa6 {Normal} 0-1

[Event "Rated Blitz game"]
[Site "?"]
[Date "2021.01.01"]
[Round "?"]
[White "StankovicDragan02"]
[Black "Maltinho"]
[Result "1-0"]
[WhiteElo "2411"]
[BlackElo "2515"]
[PlyCount "41"]
[EventDate "2021.??.??"]
[EventType "blitz"]

1. e4 e5 2. Nf3 d5 3. Nxe5 Bd6 4. Nxf7 Kxf7 5. Qh5+ g6 6. Qxd5+ Be6 7. Qb5 Nc6
8. Qxb7 Nd4 9. Bd3 Nf6 10. c3 Bc5 11. cxd4 Qxd4 12. Qxc7+ Kg8 13. Qc6 Qxf2+ 14.
Kd1 Bg4+ 15. Kc2 Rc8 16. Qb7 Qxg2 17. Rf1 Bd4+ 18. Nc3 Qxh2 19. Qe7 Re8 20.
Bc4+ Be6 21. Bxe6# {Normal} 1-0

[Event "Rated Blitz game"]
[Site "?"]
[Date "2021.01.01"]
[Round "?"]
[White "Flaneur"]
[Black "Mettigel"]
[Result "0-1"]
[WhiteElo "2405"]
[BlackElo "2505"]
[PlyCount "136"]
[EventDate "2021.??.??"]
[EventType "blitz"]

1. e4 e5 2. Nf3 d5 3. exd5 Bd6 4. d4 e4 5. Ne5 Nf6 6. Nc3 Qe7 7. Bf4 Nbd7 8.
Nxd7 Bxf4 9. Nxf6+ gxf6 10. d6 Bxd6 11. Qe2 f5 12. O-O-O c6 13. g4 fxg4 14.
Nxe4 Bf4+ 15. Kb1 Be6 16. Bg2 O-O-O 17. Rhe1 h5 18. Nc5 Rhe8 19. f3 Qg5 20. Qd3
Bd5 21. Qa3 Bb8 22. Bh1 b6 23. Ne4 Qe7 24. Qc3 f5 25. Ng3 Qf7 26. fxg4 hxg4 27.
Bxd5 Qxd5 28. b3 f4 29. Nf1 Kb7 30. Nd2 f3 31. Nc4 Bxh2 32. Ne5 Bxe5 33. dxe5
Qxd1+ 34. Rxd1 Rxd1+ 35. Kb2 Rd5 36. Qe3 Rdxe5 37. Qf4 Re4 38. Qf7+ R8e7 39.
Qf5 Kc7 40. a4 a5 41. Qf6 Re2 42. Qf4+ Kb7 43. Qf6 f2 44. b4 axb4 45. a5 bxa5
46. Qf4 R7e5 47. Qf7+ Kb6 48. Qf4 g3 49. Qd4+ Kc7 50. Qa7+ Kd6 51. Qb8+ Kd5 52.
Qd8+ Ke4 53. Qb6 Kf3 54. Qxc6+ R5e4 55. Qf6+ Kg2 56. Qb6 f1=Q 57. Qc6 Qf2 58.
Qd7 Rxc2+ 59. Kb3 Rc3+ 60. Ka4 Ra3+ 61. Kb5 Qe2+ 62. Kb6 Re6+ 63. Kb7 Qe4+ 64.
Kc7 Re7 65. Kd8 Rxd7+ 66. Kxd7 Rd3+ 67. Kc7 Rd5 68. Kb6 Qe6+ {Time forfeit} 0-1

[Event "Rated Blitz tournament EAKQ38d5"]
[Site "?"]
[Date "2021.01.01"]
[Round "?"]
[White "dmitrijiiiGM"]
[Black "Fantastic_power06"]
[Result "0-1"]
[WhiteElo "2523"]
[BlackElo "2583"]
[PlyCount "105"]
[EventDate "2021.??.??"]
[EventType "blitz"]

1. e4 e5 2. Nf3 d5 3. Nxe5 Bd6 4. d4 dxe4 5. Bc4 Bxe5 6. Qh5 Qe7 7. Qxe5 Qxe5
8. dxe5 Nc6 9. Nc3 Bf5 10. Bf4 Nge7 11. e6 Bxe6 12. Bxe6 fxe6 13. Bxc7 Rc8 14.
Bd6 Nf5 15. Ba3 e3 16. f3 Nh4 17. O-O Nd4 18. Rac1 Rxc3 19. bxc3 Ne2+ 20. Kh1
Nxc1 21. Rxc1 Kf7 22. Bc5 Nf5 23. g4 Rc8 24. Bxa7 Nh4 25. Bd4 e2 26. Re1 Ra8
27. Rxe2 Rxa2 28. h3 Ra1+ 29. Kh2 Nxf3+ 30. Kg3 Nxd4 31. cxd4 Rd1 32. Re4 Rd2
33. c4 b6 34. c5 bxc5 35. dxc5 Rc2 36. Re5 Kf6 37. Rh5 Rc3+ 38. Kh4 h6 39. g5+
Kg6 40. gxh6 Rc4+ 41. Kg3 gxh6 42. Re5 Kf6 43. Re3 Rxc5 44. Rf3+ Rf5 45. Re3
Rg5+ 46. Kh4 e5 47. Rf3+ Rf5 48. Re3 Rf4+ 49. Kh5 Kf5 50. Kxh6 Rh4+ 51. Kg7 Kf4
52. Rf3+ Kxf3 53. Kf7 {Normal} 0-1

[Event "Rated Blitz tournament EAKQ38d5"]
[Site "?"]
[Date "2021.01.01"]
[Round "?"]
[White "Elnur13"]
[Black "Fantastic_power06"]
[Result "0-1"]
[WhiteElo "2219"]
[BlackElo "2582"]
[PlyCount "190"]
[EventDate "2021.??.??"]
[EventType "blitz"]

1. e4 e5 2. Nf3 d5 3. Nxe5 Bd6 4. d4 dxe4 5. Nc4 Nc6 6. c3 Nf6 7. g3 Bg4 8. Be2
Bh3 9. Nxd6+ Qxd6 10. Bf4 Qd7 11. Nd2 O-O-O 12. Qa4 Nd5 13. Be3 Kb8 14. O-O-O
Nb6 15. Qc2 Rhe8 16. Nc4 Bg4 17. Bxg4 Qxg4 18. Nxb6 axb6 19. h3 Qf3 20. Rhe1 f5
21. Qe2 Qxe2 22. Rxe2 h6 23. h4 Na5 24. b3 b5 25. Kc2 b6 26. Bf4 Kb7 27. Rde1
Ra8 28. f3 exf3 29. Rxe8 f2 30. Rf1 Rxe8 31. Rxf2 Nc6 32. Kd3 Rd8 33. Re2 b4
34. Be5 bxc3 35. Kxc3 g5 36. hxg5 hxg5 37. Bf6 Rg8 38. Re6 f4 39. d5 Na7 40.
gxf4 gxf4 41. Be5 f3 42. Re7 Nb5+ 43. Kb4 f2 44. Rf7 Ka6 45. Rxf2 Rg5 46. a4
Rxe5 47. axb5+ Kb7 48. Kc4 Re4+ 49. Kc3 Re3+ 50. Kc4 Re4+ 51. Kd3 Rb4 52. Kc3
Rxb5 53. Rf5 Rc5+ 54. Kd4 c6 55. Rf7+ Ka6 56. d6 Rd5+ 57. Kc4 Rxd6 58. Rf8 Rd5
59. Ra8+ Kb7 60. Rf8 Rc5+ 61. Kd4 Rd5+ 62. Kc3 Kc7 63. Rf6 Rd7 64. Rg6 c5 65.
Rg5 Rd6 66. Rg7+ Kc6 67. Rg8 b5 68. Rc8+ Kd5 69. Rf8 b4+ 70. Kd3 Kc6+ 71. Kc2
Rd4 72. Rc8+ Kb5 73. Rb8+ Kc6 74. Rc8+ Kd5 75. Rf8 Ke4 76. Re8+ Kf3 77. Rf8+
Rf4 78. Rxf4+ Kxf4 79. Kd3 Ke5 80. Kc4 Kd6 81. Kb5 Kd5 82. Kb6 c4 83. bxc4+
Kxc4 84. Ka5 Kc3 85. Kb6 b3 86. Kc7 Kc2 87. Kc6 Kc1 88. Kd7 b2 89. Kd6 b1=Q 90.
Kd7 Qc2 91. Kd6 Kd1 92. Ke6 Qd2 93. Kf7 Ke1 94. Kf6 Qd3 95. Kg7 Qe3 {Time
forfeit} 0-1

[Event "Rated Blitz game"]
[Site "?"]
[Date "2021.01.01"]
[Round "?"]
[White "Mark_Twain_64"]
[Black "ali-sh"]
[Result "0-1"]
[WhiteElo "2456"]
[BlackElo "2556"]
[PlyCount "32"]
[EventDate "2021.??.??"]
[EventType "blitz"]

1. e4 e5 2. Nf3 d5 3. d4 dxe4 4. Nxe5 Bd6 5. Nc4 Nc6 6. Ne3 Nf6 7. Bb5 O-O 8.
c4 Nxd4 9. Nc3 c5 10. Ncd5 Nxd5 11. Nxd5 Be6 12. Be3 Bxd5 13. Bxd4 cxd4 14. O-O
Bc6 15. Bxc6 bxc6 16. Qg4 f5 {Normal} 0-1

[Event "Rated Blitz game"]
[Site "?"]
[Date "2021.01.01"]
[Round "?"]
[White "Iranianfighter2"]
[Black "KinzyabulatovRenat"]
[Result "1-0"]
[WhiteElo "2510"]
[BlackElo "2362"]
[PlyCount "75"]
[EventDate "2021.??.??"]
[EventType "blitz"]

1. e4 e5 2. Nf3 d5 3. Nc3 d4 4. Ne2 Nc6 5. d3 Be7 6. c3 Bg4 7. cxd4 Bxf3 8.
gxf3 Nxd4 9. Nxd4 Qxd4 10. Qb3 Bb4+ 11. Ke2 Nf6 12. Be3 Qd6 13. a3 Bc5 14. Qb5+
Nd7 15. Bh3 Bxe3 16. fxe3 O-O-O 17. Rac1 Kb8 18. Rc3 a6 19. Qb3 Nc5 20. Qb4 Ne6
21. Qc4 Ng5 22. Bg2 g6 23. Rhc1 c6 24. Qc5 f6 25. h4 Ne6 26. Qa5 Rd7 27. Rb3
Ka8 28. Rb6 Rhd8 29. Rc3 Nc7 30. Rcb3 Nb5 31. a4 Na7 32. Rc3 f5 33. b4 Nc8 34.
b5 cxb5 35. Rxd6 Rxd6 36. axb5 Na7 37. bxa6 Rxa6 38. Qxd8+ {Normal} 1-0

[Event "Rated Blitz game"]
[Site "?"]
[Date "2021.01.01"]
[Round "?"]
[White "DuccDuccDucc"]
[Black "KinzyabulatovRenat"]
[Result "1-0"]
[WhiteElo "2533"]
[BlackElo "2401"]
[PlyCount "121"]
[EventDate "2021.??.??"]
[EventType "blitz"]

1. e4 e5 2. Nf3 d5 3. Nxe5 Bd6 4. d4 dxe4 5. Nc4 Nf6 6. Be2 O-O 7. Nc3 Nc6 8.
Bg5 Be7 9. d5 Nxd5 10. Qxd5 Bxg5 11. Qxe4 Re8 12. Rd1 Qxd1+ 13. Bxd1 Bf5 14.
Qxe8+ Rxe8+ 15. Ne2 Nd4 16. Ne3 Bxe3 17. fxe3 Rxe3 18. Kd2 Re4 19. Ng3 Re5 20.
c3 Nc6 21. Bf3 Bd7 22. Rf1 g6 23. Bd5 Nd8 24. Bf3 Kg7 25. Ne4 f5 26. Ng3 Bc6
27. Ne2 Bxf3 28. Rxf3 Ne6 29. Kc2 c5 30. Nc1 c4 31. Rf2 b5 32. Rd2 Nc5 33. b4
Na4 34. Rd7+ Kf6 35. Rxa7 Re3 36. Rb7 Nxc3 37. Kd2 Nd5 38. Rxb5 c3+ 39. Kc2 Re5
40. a4 Ne3+ 41. Kxc3 Rxb5 42. axb5 Nxg2 43. Kd4 Ke6 44. Nd3 Kd6 45. Nc5 Kc7 46.
Ne6+ Kb6 47. Nf8 g5 48. Nxh7 g4 49. Nf6 Kxb5 50. Ke5 Ne3 51. Nd5 Nxd5 52. Kxd5
Kxb4 53. Ke5 Kc4 54. Kxf5 Kd4 55. Kxg4 Ke5 56. Kg5 Ke6 57. Kg6 Ke7 58. Kg7 Ke6
59. h4 Kf5 60. h5 Kg5 61. h6 {Time forfeit} 1-0

[Event "Rated Blitz game"]
[Site "?"]
[Date "2021.01.01"]
[Round "?"]
[White "aliovchess"]
[Black "KinzyabulatovRenat"]
[Result "0-1"]
[WhiteElo "2460"]
[BlackElo "2372"]
[PlyCount "60"]
[EventDate "2021.??.??"]
[EventType "blitz"]

1. e4 e5 2. Nf3 d5 3. Nxe5 Bd6 4. d4 dxe4 5. Nc4 Nf6 6. Nc3 O-O 7. Be2 Nc6 8.
Be3 Nb4 9. Bg5 Be7 10. O-O Nbd5 11. Ne5 Nxc3 12. bxc3 Nd5 13. Bd2 f6 14. Nc4
Kh8 15. Rb1 f5 16. Ne5 Bd6 17. Bc4 c6 18. f4 Bxe5 19. fxe5 b5 20. Bb3 a5 21. c4
a4 22. cxd5 axb3 23. axb3 Qxd5 24. Bb4 Re8 25. Bd6 Ra2 26. Rf2 e3 27. Re2 f4
28. Qd3 Bg4 29. Ree1 Bh5 30. c4 Qxg2# {Normal} 0-1

[Event "Rated Blitz tournament RsYdeXvO"]
[Site "?"]
[Date "2021.01.01"]
[Round "?"]
[White "Novoselski"]
[Black "cuerosky"]
[Result "1-0"]
[WhiteElo "2417"]
[BlackElo "2231"]
[PlyCount "37"]
[EventDate "2021.??.??"]
[EventType "blitz"]

1. e4 e5 2. Nf3 d5 3. Nxe5 Bd6 4. d4 dxe4 5. Bc4 Bxe5 6. dxe5 Qxd1+ 7. Kxd1 Nc6
8. Bf4 Nge7 9. Re1 Bg4+ 10. Kc1 Ng6 11. Bg3 Bf5 12. Bd5 Ncxe5 13. Bxb7 Rd8 14.
Bxe5 Nxe5 15. Bxe4 Be6 16. f4 f5 17. Bxf5 Bxf5 18. Rxe5+ Kd7 19. Rxf5 {Normal}
1-0

[Event "Rated Blitz tournament S0HiefDl"]
[Site "?"]
[Date "2021.01.01"]
[Round "?"]
[White "RitaMorgan"]
[Black "Jlgg50972"]
[Result "1/2-1/2"]
[WhiteElo "2424"]
[BlackElo "2415"]
[PlyCount "66"]
[EventDate "2021.??.??"]
[EventType "blitz"]

1. e4 e5 2. Nf3 d5 3. Nxe5 Bd6 4. d4 dxe4 5. Bc4 Bxe5 6. dxe5 Qxd1+ 7. Kxd1 Nc6
8. Bb3 Nxe5 9. Bf4 Bg4+ 10. Ke1 O-O-O 11. Nc3 Ng6 12. Be3 f5 13. h3 f4 14. hxg4
fxe3 15. fxe3 Nf6 16. g5 Nd7 17. Rd1 Rde8 18. Ke2 Nc5 19. Bc4 Re5 20. Rhf1 Rxg5
21. Rf2 Nh4 22. Kf1 Nf5 23. Ke2 Ng3+ 24. Ke1 Rh5 25. Rf7 Rf5 26. Rxf5 Nxf5 27.
b4 Nxe3 28. bxc5 Nxc4 29. Rd4 b5 30. Nxb5 a6 31. Nxc7 Kxc7 32. Rxc4 Re8 33. Ke2
Kc6 {Normal} 1/2-1/2

[Event "Rated Blitz tournament S0HiefDl"]
[Site "?"]
[Date "2021.01.01"]
[Round "?"]
[White "dmitri1993"]
[Black "Jlgg50972"]
[Result "0-1"]
[WhiteElo "2291"]
[BlackElo "2422"]
[PlyCount "28"]
[EventDate "2021.??.??"]
[EventType "blitz"]

1. e4 e5 2. Nf3 d5 3. d4 dxe4 4. Nxe5 Bd6 5. Bc4 Bxe5 6. dxe5 Qxd1+ 7. Kxd1 Nc6
8. Bf4 Nge7 9. Re1 Bf5 10. Nc3 O-O-O+ 11. Kc1 Ng6 12. g3 Ngxe5 13. Nxe4 Nxc4
14. Ng5 Bg6 {Normal} 0-1

[Event "Titled Tuesday 22nd Dec"]
[Site "chess.com INT"]
[Date "2020.12.22"]
[Round "7"]
[White "Eynullayev, Altay"]
[Black "Mikhailovsky, Vladimir"]
[Result "0-1"]
[WhiteElo "2227"]
[BlackElo "2228"]
[PlyCount "118"]
[EventDate "2020.12.22"]

1. e4 e5 2. Nf3 d5 3. Nxe5 Bd6 4. d4 dxe4 5. Bc4 Bxe5 6. dxe5 Qxd1+ 7. Kxd1 Nc6
8. Re1 Bg4+ 9. Be2 O-O-O+ 10. Nd2 Nxe5 11. h3 Bxe2+ 12. Rxe2 f5 13. Ke1 Nf6 14.
Nb3 Rd7 15. Bf4 Re8 16. Nc5 Rd5 17. Na4 Nc4 18. Nc3 Rd7 19. b3 Ne5 20. f3 Nc6
21. Kf2 Nd4 22. Rd2 exf3 23. gxf3 Ne6 24. Rxd7 Kxd7 25. Bd2 Kc6 26. a4 Nd4 27.
Nb5 Nxb5 28. axb5+ Kxb5 29. Rxa7 Kb6 30. Ra4 c5 31. Rf4 g6 32. c4 Kc6 33. Bc3
Nh5 34. Rh4 Rd8 35. Ke2 b5 36. cxb5+ Kxb5 37. Rc4 Ra8 38. Be1 Ra2+ 39. Kd3 Rh2
40. h4 Rb2 41. Kc3 Re2 42. Bd2 Rf2 43. f4 Rf3+ 44. Kc2 Ng3 45. Bc1 Ne4 46. Ra4
Rf2+ 47. Kd3 Rf3+ 48. Kc2 Rc3+ 49. Kb2 Rh3 50. Ra8 Rh2+ 51. Kb1 Nc3+ 52. Ka1
Rxh4 53. Rb8+ Kc6 54. Bd2 Ne4 55. Ba5 Rh2 56. Rc8+ Kd5 57. Rd8+ Kc6 58. Rc8+
Kb5 59. Ra8 h6 0-1

[Event "Titled Tuesday 22nd Dec"]
[Site "chess.com INT"]
[Date "2020.12.22"]
[Round "4"]
[White "Fathy, E.."]
[Black "Erdogdu, M.."]
[Result "1-0"]
[WhiteElo "2307"]
[BlackElo "2396"]
[PlyCount "105"]
[EventDate "2020.12.22"]

1. e4 e5 2. Nf3 d5 3. Nxe5 dxe4 4. d4 exd3 5. Bxd3 Be6 6. O-O Nf6 7. Bb5+ c6 8.
Qxd8+ Kxd8 9. Rd1+ Nbd7 10. Bc4 Bxc4 11. Nxc4 Bc5 12. Bg5 Ke7 13. Re1+ Kf8 14.
Nbd2 h6 15. Bf4 g5 16. Bd6+ Kg7 17. Re7 Rhe8 18. Rae1 Rxe7 19. Rxe7 Re8 20.
Rxe8 Nxe8 21. Bxc5 Nxc5 22. Kf1 Kf6 23. Nb3 Na4 24. Nba5 b5 25. Ne3 c5 26. b3
Nc3 27. a3 Ke6 28. Nc6 a6 29. Nd8+ Ke7 30. Nb7 c4 31. bxc4 Nd6 32. Nxd6 Kxd6
33. cxb5 axb5 34. Nf5+ Kc5 35. Nxh6 f6 36. g3 Nb1 37. Ke2 Nxa3 38. Kd3 Nc4 39.
h4 Ne5+ 40. Ke4 gxh4 41. gxh4 Kc4 42. Ng8 Kc3 43. Nxf6 Nf7 44. Nd5+ Kxc2 45. h5
Kb3 46. f4 Kc4 47. Ne3+ Kc3 48. Kf5 b4 49. Nd5+ Kc4 50. Nxb4 Kxb4 51. Kg6 Nd6
52. h6 Kc5 53. h7 1-0

[Event "EUR Online Women CC GpB"]
[Site "Tornelo INT"]
[Date "2020.12.20"]
[Round "5.4"]
[White "Sheikh, Anum"]
[Black "Dubois, Mart"]
[Result "0-1"]
[WhiteElo "1853"]
[BlackElo "1780"]
[PlyCount "38"]
[EventDate "2020.12.19"]
[SourceTitle "The Week in Chess 1363"]
[Source "Mark Crowther"]
[SourceDate "2020.12.21"]
[SourceVersion "1"]
[SourceVersionDate "2020.12.21"]
[SourceQuality "2"]
[WhiteTeam "WOOD GREEN YOUTH"]
[BlackTeam "Cercle d'Echecs de Monte-Carlo II"]

1. e4 e5 2. Nf3 d5 3. exd5 e4 4. Qe2 Nf6 5. Nc3 Be7 6. Nxe4 O-O 7. d3 Nxd5 8.
Bd2 f5 9. Nc3 Re8 10. Nxd5 Qxd5 11. O-O-O Qxa2 12. c3 Be6 13. Nd4 Bf7 14. Qf3
Nc6 15. Nxc6 bxc6 16. c4 Bf6 17. Bc3 Bxc3 18. bxc3 Rab8 19. Rd2 Rb1# 0-1

[Event "Chess.com Bullet Open 1"]
[Site "chess.com INT"]
[Date "2020.12.19"]
[Round "11"]
[White "Anisimov, P2."]
[Black "Skatchkov, Valery"]
[Result "1-0"]
[WhiteElo "2527"]
[BlackElo "2281"]
[PlyCount "77"]
[EventDate "2020.12.19"]
[SourceTitle "The Week in Chess 1363"]
[Source "Mark Crowther"]
[SourceDate "2020.12.21"]
[SourceVersion "1"]
[SourceVersionDate "2020.12.21"]
[SourceQuality "2"]

1. e4 e5 2. Nf3 d5 3. Nxe5 dxe4 4. d4 Bd6 5. Be2 Bxe5 6. dxe5 Qxd1+ 7. Bxd1 Nc6
8. Bf4 Nge7 9. Nc3 Bf5 10. Bg3 Ng6 11. O-O Ngxe5 12. Re1 O-O-O 13. Nxe4 Nc4 14.
b3 Nb6 15. Bf3 Rhe8 16. c4 Nd4 17. Nc5 Nxf3+ 18. gxf3 Rxe1+ 19. Rxe1 c6 20. Re7
Bh3 21. Rc7+ Kb8 22. Rd7+ Kc8 23. Rc7+ Kb8 24. Rd7+ Kc8 25. Rxd8+ Kxd8 26.
Nxb7+ Kd7 27. Nc5+ Ke7 28. Ne4 Bf5 29. Kf1 a5 30. Ke2 a4 31. Ke3 axb3 32. axb3
h6 33. Bd6+ Kd7 34. Bc5 Na8 35. Bd4 f6 36. Nc5+ Kc8 37. Ne4 Nc7 38. Nd6+ Kd7
39. Nxf5 1-0

[Event "Chess.com Bullet Open 2"]
[Site "chess.com INT"]
[Date "2020.12.19"]
[Round "10"]
[White "Mikhailovsky, Vladimir"]
[Black "Narayanan, SL."]
[Result "0-1"]
[WhiteElo "2228"]
[BlackElo "2618"]
[PlyCount "130"]
[EventDate "2020.12.19"]
[SourceTitle "The Week in Chess 1363"]
[Source "Mark Crowther"]
[SourceDate "2020.12.21"]
[SourceVersion "1"]
[SourceVersionDate "2020.12.21"]
[SourceQuality "2"]

1. e4 e5 2. Nf3 d5 3. Nc3 d4 4. Ne2 f5 5. d3 Nc6 6. exf5 Bxf5 7. Ng3 Bg6 8. Nd2
Nf6 9. Be2 Bb4 10. O-O h5 11. h4 Ng4 12. Bxg4 hxg4 13. Qxg4 Bf7 14. Nf5 g6 15.
Ng3 Qxh4 16. Qxh4 Rxh4 17. Nf3 Rh8 18. Bg5 Kd7 19. Ne4 Raf8 20. g3 Bd5 21. Kg2
Rf5 22. Rh1 Rhf8 23. Rh7+ Kc8 24. Nh4 Rxf2+ 25. Kh3 Be6+ 26. g4 Rxc2 27. Rg7
Bd5 28. Rxg6 Bxe4 29. dxe4 d3 30. Bh6 Rd8 31. Nf3 d2 32. Rd1 a5 33. g5 Rxb2 34.
Rf6 Be7 35. Rf7 Bxg5 36. Bxg5 Rh8+ 37. Kg4 Rxa2 38. Rxd2 Rxd2 39. Bxd2 b6 40.
Bg5 a4 41. Bf6 Rg8+ 42. Kf5 Kb7 43. Nxe5 Nd4+ 44. Kf4 Ne6+ 45. Kf5 Nc5 46. Ng4
Nxe4 47. Be5 Rg5+ 48. Kf4 Ka6 49. Rxc7 Rg8 50. Rc4 Nc5 51. Bd6 Ne6+ 52. Ke5 Nd8
53. Nf6 Kb5 54. Bc7 Nc6+ 55. Rxc6 Kxc6 56. Bd6 Rg5+ 57. Ke6 Ra5 58. Nd5 a3 59.
Ne7+ Kb7 60. Be5 Ra4 61. Nf5 Re4 62. Nd6+ Ka6 63. Nxe4 a2 64. Nc3 a1=Q 65. Na2
Qxa2+ 0-1

[Event "Chess.com Bullet Open 1"]
[Site "chess.com INT"]
[Date "2020.12.19"]
[Round "10"]
[White "Kazarian, Anna-Maja"]
[Black "Mikhailovsky, Vladimir"]
[Result "0-1"]
[WhiteElo "2096"]
[BlackElo "2228"]
[PlyCount "60"]
[EventDate "2020.12.19"]
[SourceTitle "The Week in Chess 1363"]
[Source "Mark Crowther"]
[SourceDate "2020.12.21"]
[SourceVersion "1"]
[SourceVersionDate "2020.12.21"]
[SourceQuality "2"]

1. e4 e5 2. Nf3 d5 3. Nxe5 Bd6 4. d4 dxe4 5. Bc4 Bxe5 6. dxe5 Qxd1+ 7. Kxd1 Nc6
8. Bf4 Bg4+ 9. Ke1 O-O-O 10. Nc3 Nge7 11. h3 Bh5 12. Nxe4 Nd4 13. Bd3 Nd5 14.
Bd2 Bg6 15. c3 Ne6 16. Bc2 Ndf4 17. Bxf4 Nxf4 18. g3 Nd3+ 19. Bxd3 Rxd3 20. Nc5
Rd5 21. Nb3 Rxe5+ 22. Kf1 Rhe8 23. Kg2 Re2 24. Rhd1 Be4+ 25. Kg1 Bf3 26. Nd4
Rxb2 27. Nxf3 Ree2 28. Nd4 Rxf2 29. Re1 Rg2+ 30. Kf1 Rbf2# 0-1

[Event "Chess.com Bullet Open 1"]
[Site "chess.com INT"]
[Date "2020.12.19"]
[Round "9"]
[White "Khalafova, N."]
[Black "Skatchkov, Valery"]
[Result "0-1"]
[WhiteElo "2279"]
[BlackElo "2281"]
[PlyCount "72"]
[EventDate "2020.12.19"]
[SourceTitle "The Week in Chess 1363"]
[Source "Mark Crowther"]
[SourceDate "2020.12.21"]
[SourceVersion "1"]
[SourceVersionDate "2020.12.21"]
[SourceQuality "2"]

1. e4 e5 2. Nf3 d5 3. Nxe5 Bd6 4. d4 dxe4 5. Bc4 Bxe5 6. dxe5 Qxd1+ 7. Kxd1 Nc6
8. c3 Nxe5 9. Bd5 Bf5 10. Re1 Rd8 11. c4 c6 12. Nc3 cxd5 13. Nxd5 Nxc4 14. Kc2
Rxd5 15. b3 e3+ 16. Kc3 Nd6 17. Rxe3+ Be6 18. Ba3 Nf6 19. Bb2 O-O 20. Rae1 Rc8+
21. Kb4 Rb5+ 22. Ka4 Bd7 23. Ka3 Ra5+ 24. Kb4 b6 25. a4 Nd5+ 26. Ka3 Nb5+ 27.
Ka2 Nb4+ 28. Kb1 Bf5+ 29. Ka1 Nc2+ 30. Ka2 Nxe3 31. Rxe3 Nd6 32. Re5 Be6 33.
Rxa5 bxa5 34. Ka3 Rb8 35. Bd4 Rxb3+ 36. Ka2 Rd3+ 0-1

[Event "Chess.com Bullet Open 1"]
[Site "chess.com INT"]
[Date "2020.12.19"]
[Round "2"]
[White "Hajek, Oskar"]
[Black "Gadimbayli, Abdulla"]
[Result "0-1"]
[WhiteElo "2165"]
[BlackElo "2470"]
[PlyCount "116"]
[EventDate "2020.12.19"]
[SourceTitle "The Week in Chess 1363"]
[Source "Mark Crowther"]
[SourceDate "2020.12.21"]
[SourceVersion "1"]
[SourceVersionDate "2020.12.21"]
[SourceQuality "2"]

1. e4 e5 2. Nf3 d5 3. d3 dxe4 4. dxe4 Qxd1+ 5. Kxd1 Nc6 6. Bb5 Bd7 7. Ke2 O-O-O
8. c3 f6 9. Be3 Nge7 10. Na3 Ng6 11. Rad1 Bxa3 12. bxa3 Kb8 13. h4 h5 14. Rd2
Nd4+ 15. Nxd4 exd4 16. Bxd7 dxe3 17. Kxe3 Ne5 18. Bb5 Rxd2 19. Kxd2 Rd8+ 20.
Ke2 c6 21. Ba4 Nc4 22. Rd1 Rxd1 23. Kxd1 Nb2+ 24. Kc2 Nxa4 25. f3 Nc5 26. c4
Ne6 27. Kd2 Kc7 28. Ke3 Kd6 29. f4 c5 30. f5 Nd4 31. Kf4 Ne2+ 32. Kf3 Nc3 33.
g4 hxg4+ 34. Kxg4 Nxe4 35. Kh5 Ke7 36. Kg6 Kf8 37. h5 Ng3 38. h6 gxh6 39. Kxh6
Kf7 40. Kh7 Nxf5 41. a4 a5 42. a3 b6 43. Kh8 Kg6 44. Kg8 Nd6 45. Kf8 f5 46. Ke7
Nxc4 47. Ke6 f4 48. Kd5 f3 49. Kxc4 f2 50. Kb5 f1=Q+ 51. Kxb6 Qc4 52. Kxa5 Qb3
53. Ka6 c4 54. a5 c3 55. Ka7 c2 56. a6 c1=Q 57. a4 Qc8 58. a5 Qcb8# 0-1

[Event "Chess.com Bullet Open 1"]
[Site "chess.com INT"]
[Date "2020.12.19"]
[Round "1"]
[White "Jacobson, Aaron"]
[Black "Skatchkov, Valery"]
[Result "0-1"]
[WhiteElo "2262"]
[BlackElo "2281"]
[PlyCount "60"]
[EventDate "2020.12.19"]
[SourceTitle "The Week in Chess 1363"]
[Source "Mark Crowther"]
[SourceDate "2020.12.21"]
[SourceVersion "1"]
[SourceVersionDate "2020.12.21"]
[SourceQuality "2"]

1. e4 e5 2. Nf3 d5 3. Nc3 dxe4 4. Nxe4 Nc6 5. Bc4 Be7 6. d3 Nf6 7. O-O O-O 8.
Nxf6+ Bxf6 9. h3 Bf5 10. Qe2 Bg6 11. Nd2 Nd4 12. Qd1 b5 13. Bb3 a5 14. a4 Nxb3
15. Nxb3 b4 16. Be3 e4 17. d4 Qd5 18. Rc1 Bh5 19. Qd2 Qc6 20. Nc5 Rad8 21. c4
Be7 22. Nb3 Qxa4 23. Qc2 Qc6 24. Nxa5 Qg6 25. Kh1 f5 26. Bf4 Bd6 27. Be5 Bxe5
28. dxe5 Rd3 29. Nb7 Rxh3+ 30. Kg1 Bf3 0-1